00665 2200229 4500001002100000005001500021035002000036007000300056008004100059020002200100082001000122084001600132100003300148245010300181250001000284260004500294300002700339520002900366600001800395990001100413990001100424INLIS00000000000345620190521095207 a0010-0519000048ta190521 g 0 ind  a978-602-61392-4-5 a297.2 a297.2 YAS m0 aYASIR, Bin Abdul Qadir Jawas1 aMemahami Kalimat Syahadat :bMenurut Aqidah Ahlussunnah Wal Jama'ah /cYasir Bin Abdul Qadir Jawas acet.2 aDepok :bPustaka Khazanah Fawa'id,c2018 axvi, 291 hlm. ;c25 cm aBibliografi: 283-291 hlm 4aISLAM. AQIDAH a6554 a a6554 b